| 000 | 00783nam a2200241Ia 4500 | ||
|---|---|---|---|
| 008 | 130821s1995 ag gr spa | ||
| 020 | _a9509385379 | ||
| 040 |
_aCo-BoUCM _bspa |
||
| 041 | 0 | 0 | _aspa |
| 100 | 1 | _aDromi, Roberto José | |
| 245 | 1 | 0 |
_aLicitación pública _cRoberto Dromi. |
| 250 | _a2a ed. | ||
| 260 |
_aBuenos Aires (Argentina) _bEdiciones Ciudad Argentina _c1995 |
||
| 300 | _a710 páginas | ||
| 504 | _aIncluye bibliografía e índice. | ||
| 650 | 0 | 4 |
_aAdministración pública _9355 |
| 650 | 0 | 4 |
_aContratos administrativos _97452 |
| 650 | 0 | 4 |
_aContratos públicos _911849 |
| 650 | 0 | 4 |
_aDerecho administrativo _912695 |
| 650 | 0 | 4 |
_aLicitaciones _xLegislación _918532 |
| 942 |
_cLIBRO _a8 _e2 _mD76L _2DEWEY _h342.623 |
||
| 999 |
_c24431 _d24431 |
||